[Rezension von: Human rights today]

Saved in:  
Bibliographic Details
Main Author: Sneh, Itai Nartzizenfield (Author)
Format: Electronic Review
Language:English
Published: 2011
In: Human rights review
Year: 2011, Volume: 12, Issue: 3, Pages: 409-411
Online Access: Volltext (lizenzpflichtig)
Volltext (lizenzpflichtig)
Check availability: HBZ Gateway
Keywords:

MARC

LEADER 00000naa a22000002c 4500
001 1932410171
003 DE-627
005 20250804104713.0
007 cr uuu---uuuuu
008 250804s2011 xx |||||oo 00| ||eng c
024 7 |a 10.1007/s12142-011-0194-y  |2 doi 
035 |a (DE-627)1932410171 
035 |a (DE-599)KXP1932410171 
040 |a DE-627  |b ger  |c DE-627  |e rda 
041 |a eng 
084 |a 2,1  |2 ssgn 
100 1 |a Sneh, Itai Nartzizenfield  |e VerfasserIn  |0 (DE-588)135597447  |0 (DE-627)568589777  |0 (DE-576)300536135  |4 aut 
109 |a Sneh, Itai Nartzizenfield  |a Nartzizenfield Sneh, Itai 
245 1 0 |a [Rezension von: Human rights today]  |c Itai Sneh 
264 1 |c 2011 
336 |a Text  |b txt  |2 rdacontent 
337 |a Computermedien  |b c  |2 rdamedia 
338 |a Online-Ressource  |b cr  |2 rdacarrier 
655 7 |a Rezension  |0 (DE-588)4049712-4  |0 (DE-627)106186019  |0 (DE-576)209083166  |2 gnd-content 
773 0 8 |i Enthalten in  |t Human rights review  |d Dordrecht : Springer, 1999  |g 12(2011), 3, Seite 409-411  |h Online-Ressource  |w (DE-627)320607771  |w (DE-600)2020969-1  |w (DE-576)109633938  |x 1874-6306  |7 nnas 
773 1 8 |g volume:12  |g year:2011  |g number:3  |g pages:409-411 
787 0 8 |i Rezension von  |t Human rights today  |d Utrecht [u.a.] : Eleven, 2010  |h VIII, 210 S.  |w (DE-627)612009106  |w (DE-576)323203078  |z 9789077596845 
856 4 0 |u https://doi.org/10.1007/s12142-011-0194-y  |x Resolving-System  |z lizenzpflichtig  |3 Volltext  |7 1 
856 4 0 |u https://link.springer.com/article/10.1007/s12142-011-0194-y  |x Verlag  |z lizenzpflichtig  |3 Volltext  |7 1 
951 |a AR 
ELC |a 1 
LOK |0 000 xxxxxcx a22 zn 4500 
LOK |0 001 4771181632 
LOK |0 003 DE-627 
LOK |0 004 1932410171 
LOK |0 005 20250912121757 
LOK |0 008 250912||||||||||||||||ger||||||| 
LOK |0 040   |a DE-2619  |c DE-627  |d DE-2619 
LOK |0 092   |o n 
LOK |0 852   |a DE-2619 
LOK |0 852 1  |9 00 
LOK |0 939   |a 12-09-25  |b l01 
ORI |a SA-MARC-krimdoka001.raw